Microfísica del poder /

Guardado en:
Autor Principal: Foucault, Michel
Formato: Libro
Publicado: España : La Piqueta, 1979
Materias:
Etiquetas: Agregar Etiqueta
Sin Etiquetas, Sea el primero en etiquetar este registro!
LEADER 00677nam a22002535a 4500
001 CEM.cems014050
008 130507s1979##################000#0#####d
005 20210705175340.0
003 CEMS
245 1 0 |a Microfísica del poder /  |c Michel Foucault 
260 |a España :  |b La Piqueta,  |c 1979 
300 |a 150 p. 
590 |a 1146.013 
100 1 |a Foucault, Michel 
653 |a Poder 
653 |a Saber 
653 |a Arqueología del saber 
653 |a Genealogía del poder 
653 |a Filosofía 
653 |a Biopolítica 
653 |a Linguística aplicada 
653 |a Antropología 
653 |a Biblioteca TC 
859 |a CEMS  |b BIB. CEMS - 11 de abril  |h TC  |p 1146.013  |t Ej.1